Tigre - Culture Générale - Statistiques

Statistiques générales
  • Ce quiz a été pris 138 fois
    59 depuis la dernière actualisation
  • Le résultat moyen est 9 sur 15
Statistiques - réponses
Question Réponse % Correct
Quel continent est le seul habitat naturel du tigre ? Asie
98%
Les rayures du tigre lui servent de Camouflage
96%
Le tigre est un Félin
96%
Cri du tigre Rugissement
79%
Pommade utilisé pour soulager les douleurs d'origine musculo-squelettique Baume du tigre
77%
Tigre dans winnie l'Ourson Tigrou
77%
Pays hébergeant le plus de tigre sauvage Inde
71%
Chanson du groupe survivor Eye of the Tiger
69%
Comme pour la plupart des félins, les griffes du tigre sont Retractiles
54%
Plus grande sous espèce de tigre Tigre de sibérie
44%
Film sortie en 2004 retraçant l'histoire de jeunes tigres Deux frères
40%
Céréales de la marque Kellog's ayant un tigre pour mascotte Frosties
40%
Prédateur marin Requin tigre
35%
Nom du tigre dans le livre de la jungle Shere Khan
27%
Espèce éteinte souvent appelé Tigre à dent de sabre Smilodon
21%
Aucun quiz correspondant
Distribution des résultats
% des personnes avec chaque résultat
Percentile par nombre de réponses
Votre historique - résultats
Vous n’avez pas pris ce quiz depuis la dernière actualisation